|
|
|
|
| LEADER |
00000cam a2200000 a 4500 |
| 001 |
vtls008406602 |
| 003 |
SK-MaSNL |
| 005 |
20260301075644.0 |
| 008 |
230403s1948 xo g 000 f slo |
| 015 |
|
|
|a SNBA19451950-013906
|
| 035 |
|
|
|a SK01SNKBKSFS20010098819
|
| 035 |
|
|
|a urn:nbn:sk:snk-am3hm63
|
| 035 |
|
|
|a 234B3D5F-3D61-4599-9F97-21DA34B900A8
|
| 035 |
|
|
|a urn:nbn:sk:snk-am00d591
|
| 035 |
|
|
|a SKM000101282
|
| 040 |
|
|
|a SNK
|b slo
|c SNK
|e AACR2
|
| 041 |
0 |
|
|a slo
|
| 044 |
|
|
|a xo
|c SK
|
| 080 |
|
|
|a 885.4
|2 1981
|
| 080 |
|
|
|a 929 Záborský, Jonáš
|2 1981
|
| 100 |
1 |
|
|a Záborský, Jonáš,
|d 1812-1876
|4 aut
|9 104959
|
| 245 |
1 |
0 |
|a Dva dni v Chujave
|c Jonáš Záborský
|
| 260 |
|
|
|a Bratislava
|b Práca
|c 1948
|e Bratislava
|f Slov. Grafia
|
| 300 |
|
|
|a 119, [1] s.
|c 8°
|
| 490 |
1 |
|
|a Slovenskí autori
|v sv. 2
|
| 500 |
|
|
|a Ob. Štefan Bednár
|
| 563 |
|
|
|a 5.500 výtlač.
|
| 655 |
|
7 |
|a slovenské romány
|2 SNKPH
|9 70324
|
| 700 |
1 |
|
|a Bednár, Štefan,
|d 1909-1976
|4 bjd
|9 38371
|
| 830 |
|
0 |
|a Slovenskí autori
|9 308877
|
| 852 |
|
|
|a Slovenská národná knižnica
|
| 954 |
|
|
|a beletria pôvodná (slovenská)
|2 lita
|
| 958 |
|
|
|a EUIPO
|
| 958 |
|
|
|a OND
|
| 958 |
|
|
|a RK
|
| 958 |
|
|
|a TL
|
| 958 |
|
|
|a LX
|
| 999 |
|
|
|c 650906
|d 652836
|
| 952 |
|
|
|a SNK
|b SNK
|y VYP
|7 0
|p 17A1554228
|o snkSC 3992/2 D1
|i snkD 1135/62
|8 1
|0 0
|1 0
|4 0
|d 2024-10-28
|l 0
|r 2026-02-23 18:21:56
|w 2026-02-23
|
| 952 |
|
|
|a SNK
|b SNK
|y VYP
|7 0
|p 17A1554229
|o snkSC 3992/2 D2
|i snkF 7954/63
|8 5
|0 0
|1 0
|4 0
|d 2024-10-28
|l 0
|r 2026-02-23 18:21:56
|w 2026-02-23
|
| 952 |
|
|
|a SNK
|b SNK
|y PREZ
|7 0
|p 17A0745690
|o snkSC 3992/2
|i snk1907/49
|0 0
|1 0
|4 0
|d 2018-10-23
|f 1
|l 0
|r 2025-06-25 00:00:00
|w 2026-02-23
|